000 00712na a2200241 4500
001 18377
003 MIRAKIL
005 20181213155034.0
008 161117b tu 000 0
040 _aMilas
_btur
_cTR-AnCHP
041 _atur
082 _a345
_bİ52 1999
090 _a345 İ52 1999
111 _aİnfaz Hukuku ve Ceza-Tutukevleri
_cAnkara
_d1999
245 _aCeza infaz hukuku ve ceza-tutukevleri
_bPanel 25 Ekim 1999
_cTürkiye Barolar Birliği
260 _aAnkara
_bTBB
_c1999
300 _a51 s.
_bplan
_c23 sm.
490 _aTBB
_v5
650 _aCeza hukuku
_xCezaevleri
_yToplantılar
710 _aTürkiye Barolar Birliği
830 _aTürkiye Barolar Birliği
942 _2ddc
_cBKS
999 _c5366
_d5366